• 首页
  • 本馆介绍
  • 公告通知
  • 最新文献
  • 馆藏检索
  • 电子资源
  • 读者导购
  • 参考咨询
  • 我的图书馆
  • 登录
  • 详细信息显示
  • 放入我的书架
  • 预约/预借图书
  • 作者相关作品
  • 分类相关作品
  • 丛书相关作品
  • 出版社相关作品

书目信息

  • 表格格式
  • 工作单格式
  • 卡片格式
题名:
高校体育教学风险防范现状与运动应急对策研究
    
 
作者: 孙丽娜 著
分册:  
出版信息: 长春   吉林大学出版社  2022.05
页数: 148页
开本: 24cm
丛书名:
单 册:
中图分类: G807.4 , G808.1
科图分类:
主题词: 体育教学--风险管理--研究--高等学校 , 运动训练--突发事件--应急对策--研究--高等学校
电子资源:
ISBN: 978-7-5692-8617-5
000 01008nam0 2200253 450
001 012001002622
005 20141203165424.0
010    @a978-7-5692-8617-5@dCNY38.00
100    @a20220905d2021 em y0chiy50 ea
101 0  @achi
102    @aCN@b220000
105    @aa z 000yy
106    @ar
200 1  @a高校体育教学风险防范现状与运动应急对策研究@Agao xiao ti yu jiao xue feng xian fang fan xian zhuang yu yun dong ying ji dui ce yan jiu@f孙丽娜著
210    @a长春@c吉林大学出版社@d2022.05
215    @a148页@c图@d24cm
330    @a本书通过对教师与学生两类角色在体育教学中运动安全认知与运动风险防范能力现状进行分析,了解体育教师及学生的防范意识、防范能力,并提出在体育教学中运动伤害预防、运动损伤处理、应急处理能力培养的对策及建议。
606 0  @a体育教学@x风险管理@x研究@x高等学校
606 0  @a运动训练@x突发事件@x应急对策@x研究@x高等学校
690    @aG807.4@v5
690    @aG808.1@v5
701  0 @a孙丽娜@Asun li na@4著
801  0 @aCN@bAHXH@c20221111
905    @b1373123-7@dG807.4@e2059@f5
    
    高校体育教学风险防范现状与运动应急对策研究/孙丽娜著.-长春:吉林大学出版社,2022.05
    148页:图;24cm
    
    
    ISBN 978-7-5692-8617-5:CNY38.00
    本书通过对教师与学生两类角色在体育教学中运动安全认知与运动风险防范能力现状进行分析,了解体育教师及学生的防范意识、防范能力,并提出在体育教学中运动伤害预防、运动损伤处理、应急处理能力培养的对策及建议。
●
相关链接 在E读中查询图书 在五车中查询图书 在当当中查询图书 在豆瓣中查询图书


正题名:高校体育教学风险防范现状与运动应急对策研究     索取号:G807.4/2059         预约/预借

序号 登录号 条形码 馆藏地/架位号 状态 备注
1 1373123   213731238   第一样本阅览室/ [索取号:G807.4/2059] 在馆    
2 1373124   213731247   教育系资料室/ [索取号:G807.4/2059] 在馆    
3 1373125   213731256   教育系资料室/ [索取号:G807.4/2059] 在馆    
4 1373126   213731265   第四借阅区/ [索取号:G807.4/2059] 在馆    
5 1373127   213731274   第四借阅区/ [索取号:G807.4/2059] 在馆    
唐山师范学院图书馆 欢迎您!
大连网信软件有限公司© 版权所有